| 000 | 00496nam a2200157Ia 4500 | ||
|---|---|---|---|
| 008 | 240729s9999 xx 000 0 und d | ||
| 022 | _a2597-4777 | ||
| 245 | 4 | _aThe Spirit of Society Journal: International Journal of Society Development and Engagement | |
| 260 | _aIndonesia | ||
| 260 | _bLPPM Narotama University | ||
| 650 | _a Social sciences (General) | ||
| 650 | _aSocial Sciences | ||
| 856 | _uhttps://doaj.org/toc/6768e7f9ec214fe49d1e287ecad00108 | ||
| 942 | _2ddc | ||
| 942 | _cDOAJEJ | ||
| 999 |
_c73503 _d73503 |
||
| 945 |
_a1 _bMadushi Gamage _c1 _dMadushi Gamage |
||